| 000 | 00765nam a22002297a 4500 | ||
|---|---|---|---|
| 003 | DO-SdBJH | ||
| 005 | 20230210144225.0 | ||
| 008 | 230210b |||||||| |||| 00| 0 spa d | ||
| 020 | _a999344510X | ||
| 040 |
_aDO-SdBJH _bspa _cDO-SdBJH |
||
| 082 |
_a972.93 _bD542f |
||
| 100 | _aDíaz, Nelson Enrique | ||
| 245 |
_aFundamentos de historia social dominicana / _cNelson Enrique Díaz, Silverio González Camacho. |
||
| 250 | _a3a ed. | ||
| 260 |
_aSanto Domingo : _bEditorial Surco, _c©2005. |
||
| 300 |
_a428 paginas _b il. |
||
| 504 | _aIncluye referencias bibliográficas e índice. | ||
| 650 | 7 |
_aHistoria social _zRepública dominicana |
|
| 650 | 1 | 7 |
_x Condiciones sociales _zRepública Dominicana |
| 700 | 1 | _aGonzález Camacho, Silverio | |
| 942 |
_2ddc _cBK |
||
| 999 |
_c7250 _d7250 |
||